Marine conservation and international law : (Record no. 27527)

000 -LEADER
fixed length control field 04176cam a2200553 i 4500
001 - CONTROL NUMBER
control field 9781003275374
003 - CONTROL NUMBER IDENTIFIER
control field FlBoTFG
005 - DATE AND TIME OF LATEST TRANSACTION
control field 20240802130112.0
006 - FIXED-LENGTH DATA ELEMENTS--ADDITIONAL MATERIAL CHARACTERISTICS
fixed length control field m o d
007 - PHYSICAL DESCRIPTION FIXED FIELD--GENERAL INFORMATION
fixed length control field cr cnu---unuuu
008 - FIXED-LENGTH DATA ELEMENTS--GENERAL INFORMATION
fixed length control field 220603t20232023enka ob 001 0 eng c
020 ## - INTERNATIONAL STANDARD BOOK NUMBER
International Standard Book Number 9781003275374
Qualifying information (electronic book)
International Standard Book Number 1003275370
Qualifying information (electronic book)
International Standard Book Number 9781000619119
Qualifying information (electronic book)
International Standard Book Number 1000619117
Qualifying information (electronic book)
International Standard Book Number 9781000619195
Qualifying information (electronic book)
International Standard Book Number 1000619192
Qualifying information (electronic book)
Canceled/invalid ISBN 9781032228907
Qualifying information (hardback)
Canceled/invalid ISBN 1032228903
Qualifying information (hardback)
Canceled/invalid ISBN 9781032230429
Qualifying information (paperback)
Canceled/invalid ISBN 1032230428
Qualifying information (paperback)
024 7# - OTHER STANDARD IDENTIFIER
Standard number or code 10.4324/b22996
Source of number or code doi
035 ## - SYSTEM CONTROL NUMBER
System control number (OCoLC)1322810323
System control number (OCoLC-P)1322810323
040 ## - CATALOGING SOURCE
Original cataloging agency OCoLC-P
Language of cataloging eng
Description conventions rda
-- pn
Transcribing agency OCoLC-P
050 #4 - LIBRARY OF CONGRESS CALL NUMBER
Classification number K3488
Item number .L68 2022
082 04 - DEWEY DECIMAL CLASSIFICATION NUMBER
Classification number 346.04/695616
Edition number 23/eng/20220531
100 1# - MAIN ENTRY--PERSONAL NAME
Personal name Lothian, Sarah Louise,
Relator term author.
245 10 - TITLE STATEMENT
Title Marine conservation and international law :
Remainder of title legal instruments for biodiversity beyond national jurisdiction /
Statement of responsibility, etc. Sarah Louise Lothian.
264 #1 - PRODUCTION, PUBLICATION, DISTRIBUTION, MANUFACTURE, AND COPYRIGHT NOTICE
Place of production, publication, distribution, manufacture London ;
-- New York :
Name of producer, publisher, distributor, manufacturer Routledge,
Date of production, publication, distribution, manufacture, or copyright notice 2023.
Date of production, publication, distribution, manufacture, or copyright notice ©2023
300 ## - PHYSICAL DESCRIPTION
Extent 1 online resource (xvi, 304 pages) :
Other physical details illustrations
336 ## - CONTENT TYPE
Content type term text
Content type code txt
Source rdacontent
337 ## - MEDIA TYPE
Media type term computer
Media type code c
Source rdamedia
338 ## - CARRIER TYPE
Carrier type term online resource
Carrier type code cr
Source rdacarrier
490 1# - SERIES STATEMENT
Series statement Routledge research in international environmental law
505 0# - FORMATTED CONTENTS NOTE
Formatted contents note The promise and limits of international legal protection of BBNJ -- The Grotian tradition and its place in the BBNJ negotiations -- Is it a case of history repeating itself? -- A principled backbone : the potential role of modern governance principles and approaches in an ILBI -- A blueprint for Blue Gold : the search for planks of compromise in an ILBI -- Caught in a geopolitical undertow : marine protected areas beyond national jurisdiction -- Environmental impact assessments : devising a recipe for environmentally sustainable decision-making under an ILBI -- Time to wake the sleeping giant : implementing capacity-building and marine technology transfer in an ILBI -- A bridge to the future protection of BBNJ.
520 ## - SUMMARY, ETC.
Summary, etc. "This book provides a blueprint for an international legally binding instrument (ILBI) for the conservation and sustainable use of marine biodiversity beyond national jurisdiction (BBNJ). The development of an ILBI could signify a pivotal turning point in the law of the sea by addressing regulatory, governance and institutional gaps and deficiencies in the existing international law framework for BBNJ. This book analyses the essential components an ILBI will require to effectively conserve and sustainably use BBNJ, focusing on marine genetic resources, area based management tools, environmental impact assessments, capacity-building and marine technology transfer. It investigates potential areas of compromise, as the success of an ILBI will rely upon the support of a powerful bloc of maritime states, principally the United States, the United Kingdom, Russia, the Netherlands, France and Japan. This bloc of States has historically been the strongest proponent of the Grotian doctrine of freedom of the seas as it aligns with their predominant interest to preserve navigational freedom for their merchant and military fleets. Accordingly, this book assesses the extent to which the Grotian doctrine continues to exert influence on the development of the law of the sea and the development of an ILBI"--Publisher's description.
588 ## - SOURCE OF DESCRIPTION NOTE
Source of description note OCLC-licensed vendor bibliographic record.
650 #0 - SUBJECT ADDED ENTRY--TOPICAL TERM
Topical term or geographic name entry element Marine resources conservation
General subdivision Law and legislation.
Topical term or geographic name entry element Marine biodiversity conservation
General subdivision Law and legislation.
Topical term or geographic name entry element Law of the sea.
Topical term or geographic name entry element Environmental law, International.
Topical term or geographic name entry element Continental shelf
General subdivision Law and legislation.
830 #0 - SERIES ADDED ENTRY--UNIFORM TITLE
Uniform title Routledge research in international environmental law.
856 40 - ELECTRONIC LOCATION AND ACCESS
Materials specified Taylor & Francis
Uniform Resource Identifier <a href="https://www.taylorfrancis.com/books/e/9781003275374">https://www.taylorfrancis.com/books/e/9781003275374</a>
Materials specified OCLC metadata license agreement
Uniform Resource Identifier <a href="http://www.oclc.org/content/dam/oclc/forms/terms/vbrl-201703.pdf">http://www.oclc.org/content/dam/oclc/forms/terms/vbrl-201703.pdf</a>
942 ## - ADDED ENTRY ELEMENTS (KOHA)
Source of classification or shelving scheme
Koha item type E-Book

No items available.

Designed and Maintained by IMU-KC Library, Kolkata Campus © Copyright All Rights Reserved

webs counters

Powered by Koha